[Event "FSGM September"]
[Site "Budapest HUN"]
[Date "2004.09.04"]
[Round "1"]
[White "Meszaros,T"]
[Black "Malysheva,P"]
[Result "1-0"]
[WhiteElo "2346"]
[BlackElo "2364"]

1.e4 c5 2.Nf3 d6 3.d4 cxd4 4.Nxd4 Nf6 5.Nc3 Nc6 6.Bg5 e6 7.Qd2 a6 8.O-O-O Bd7
9.Nb3 Qc7 10.f3 b5 11.Be3 b4 12.Ne2 a5 13.Ned4 a4 14.Nb5 Qb8 15.Na1 Ra5 16.Nxd6+ Bxd6
17.Qxd6 Qxd6 18.Rxd6 Ke7 19.Rd2 Rb8 20.Kb1 Be8 21.Be2 Nd7 22.Rc1 Nc5 23.Bd1 e5
24.c3 Ne6 25.cxb4 Nxb4 26.Nc2 Nc6 27.Be2 f6 28.Bc4 Raa8 29.Bd5 Ra5 30.Bxe6 Kxe6
31.Na3 Raa8 32.Nc4 Ra6 33.Nd6 Bg6 34.Bc5 Ra5 35.Nf5 Bxf5 36.Rd6+ Kf7 37.exf5 Nd4
38.Bxd4 exd4 39.Rxd4 a3 40.b3 Re5 41.Rc7+ Kf8 42.Rdd7 Re2 43.Rf7+ Ke8 44.Rxg7 Rb2+
45.Ka1 Kf8 46.Rgf7+ Kg8 47.Rg7+ Kf8 48.Rxh7 Kg8 49.Rcg7+ Kf8 50.Ra7 Kg8 51.Rhg7+ Kh8
52.Rxa3 Rf2 53.Raa7 Rc8 54.Rh7+ Kg8 55.Rag7+  1-0

[Event "8th WUCC"]
[Site "Instanbul TUR"]
[Date "2004.09.06"]
[Round "2"]
[White "Aroshidze,L"]
[Black "Lupulescu,C"]
[Result "1-0"]
[WhiteElo "2401"]
[BlackElo "2555"]

1.e4 c5 2.Nf3 d6 3.d4 cxd4 4.Nxd4 Nf6 5.Nc3 Nc6 6.Bg5 e6 7.Qd2 a6 8.O-O-O Bd7
9.f4 b5 10.Bxf6 gxf6 11.Nxc6 Bxc6 12.Bd3 b4 13.Ne2 Qb6 14.f5 e5 15.Ng3 h5
16.Qe2 h4 17.Nf1 Bh6+ 18.Kb1 Ke7 19.Nd2 a5 20.Rhe1 a4 21.Bc4 a3 22.Bb3 Bb5
23.Nc4 Qa6 24.Rd5 Rhd8 25.Rxb5 Qxb5 26.Qh5 Rh8 27.Nxd6 Bd2 28.Qxf7+ Kxd6
29.Rd1 Kc5 30.Qc7+ Kd4 31.Rxd2+ Ke3 32.Bc4 Qa5 33.Re2+ Kd4 34.Qd6+ Kxc4 35.Qc6+ Kd4
36.b3 Qa6 37.Qd5+  1-0

[Event "Open"]
[Site "Pune IND"]
[Date "2004.09.08"]
[Round "6"]
[White "Sharma,D"]
[Black "Venkatesh,M"]
[Result "0-1"]
[WhiteElo "2368"]
[BlackElo "2439"]

1.e4 c5 2.Nf3 Nc6 3.d4 cxd4 4.Nxd4 Nf6 5.Nc3 d6 6.Bg5 e6 7.Qd2 a6 8.O-O-O Bd7
9.f4 b5 10.Bxf6 gxf6 11.f5 Nxd4 12.Qxd4 Bh6+ 13.Kb1 Bf4 14.fxe6 fxe6 15.Ne2 Be5
16.Qd2 Qb6 17.Nf4 O-O-O 18.g3 Kb8 19.Bh3 Rhe8 20.Rhf1 b4 21.Nh5 Bb5 22.Rf3 d5
23.Qxb4 dxe4 24.Rff1 a5 25.Qb3 a4 26.Qb4 e3 27.Rfe1 Rxd1+ 28.Rxd1 e2 29.Re1 Rd8
30.Bg4 Rd4 31.Qf8+ Ka7 32.Bf3 Bc6  0-1

[Event "TCh-CRO"]
[Site "Rabac CRO"]
[Date "2004.09.08"]
[Round "4"]
[White "Kutuzovic,B"]
[Black "Doric,D"]
[Result "1/2-1/2"]
[WhiteElo "2378"]
[BlackElo "2300"]

1.e4 c5 2.Nf3 d6 3.d4 cxd4 4.Nxd4 Nf6 5.Nc3 Nc6 6.Bg5 Bd7 7.Qd2 Rc8 8.f3 Nxd4
9.Qxd4 Qa5 10.Bd2 a6 11.g4 h6 12.h4 Qc5 13.Qxc5 Rxc5 14.Be3 Rc8 15.O-O-O g6
16.Bd4 e5 17.Be3 Be6 18.Bg2  1/2-1/2

[Event "8th WUCC"]
[Site "Instanbul TUR"]
[Date "2004.09.10"]
[Round "8"]
[White "Haznedaroglu,K"]
[Black "Lupulescu,C"]
[Result "1-0"]
[WhiteElo "2395"]
[BlackElo "2555"]

1.e4 c5 2.Nf3 d6 3.d4 cxd4 4.Nxd4 Nf6 5.Nc3 Nc6 6.Bg5 e6 7.Qd2 a6 8.O-O-O Bd7
9.Nxc6 bxc6 10.e5 dxe5 11.Bxf6 gxf6 12.Ne4 Be7 13.Bc4 Qc7 14.Qh6 f5 15.Nf6+ Bxf6
16.Qxf6 Rg8 17.Rd2 Rd8 18.Rhd1 Rxg2 19.Qh8+ Ke7 20.Qxh7 Rg4 21.f4 Rxf4 22.Bxe6 Kxe6
23.Qh6+ Ke7 24.Rd6 Rg4 25.Qf6+ Kf8 26.Qxe5 Rg7 27.Qd4 Rg2 28.Qh8+ Rg8 29.Qh6+ Ke7
30.Re1+ Be6 31.Rexe6+ fxe6 32.Qxe6+ Kf8 33.Qxf5+ Ke8 34.Qh5+ Ke7 35.Qe5+ Kf8
36.Rf6+ Qf7 37.Rxf7+ Kxf7 38.Qc7+ Ke8 39.Qxc6+ Ke7 40.b3  1-0

[Event "TCh-CRO"]
[Site "Rabac CRO"]
[Date "2004.09.10"]
[Round "6"]
[White "Bogut,Z"]
[Black "Doric,D"]
[Result "1-0"]
[WhiteElo "2400"]
[BlackElo "2300"]

1.e4 c5 2.Nf3 d6 3.d4 cxd4 4.Nxd4 Nf6 5.Nc3 Nc6 6.Bg5 Bd7 7.Be2 Qa5 8.Bxf6 gxf6
9.O-O Nxd4 10.Qxd4 Rc8 11.Nd5 Qc5 12.Qd3 Qxc2 13.Qe3 Bh6 14.Qxh6 Qxe2 15.Qg7 Rf8
16.Qxh7 Qg4 17.Rac1 Rxc1 18.Rxc1 Bc6 19.f3 Qg5 20.f4 Qg4 21.h3 Qg6 22.Qh4 Kd7
23.f5 Qg5 24.Qe1 Rg8 25.Rc2 Rc8 26.Qc3 Qh4 27.Qe3 Bxd5 28.Rxc8 Kxc8 29.exd5 Kd7
30.g4 a6 31.Kg2 Kd8 32.Kf1 Qg5 33.Ke2 Qxe3+ 34.Kxe3 Ke8 35.Kf4 Kf8 36.Kg3 Kg7
37.Kh4 Kh6 38.a3 b6 39.a4 Kh7 40.Kh5 Kg7 41.h4 Kh7 42.g5 Kg7 43.g6 fxg6+
44.fxg6 f5 45.Kg5 f4 46.Kxf4 Kxg6 47.Kg4 b5 48.h5+ Kf6 49.axb5 axb5 50.b4 e6
51.dxe6 Kxe6 52.Kf4  1-0

[Event "TCh-SCG Men"]
[Site "Budva SCG"]
[Date "2004.09.12"]
[Round "5"]
[White "Aleksic,Nen1"]
[Black "Popovic,Pe"]
[Result "1/2-1/2"]
[WhiteElo "2395"]
[BlackElo "2501"]

1.e4 c5 2.Nf3 d6 3.d4 cxd4 4.Nxd4 Nf6 5.Nc3 Nc6 6.Bg5 e6 7.Qd3 a6 8.O-O-O Bd7
9.Be2 h6 10.Nxc6 Bxc6 11.Bh4  1/2-1/2

[Event "LGA Premium Cup"]
[Site "Nuernberg GER"]
[Date "2004.09.12"]
[Round "4"]
[White "Redzepovic,I"]
[Black "Soergel,F"]
[Result "0-1"]
[WhiteElo "1926"]
[BlackElo "2138"]

1.e4 c5 2.Nf3 d6 3.d4 cxd4 4.Nxd4 Nf6 5.Nc3 Nc6 6.Bg5 e6 7.Qd2 a6 8.O-O-O h6
9.Bh4 Be7 10.Bg3 d5 11.exd5 Nxd5 12.Nxd5 Qxd5 13.Nxc6 Qxc6 14.Be5 f6 15.Bc3 Kf7
16.Bd3 e5 17.Qe2 g6 18.Be4 Qb5 19.Qf3 Be6 20.Bxb7 Rad8 21.b3 h5 22.h3 a5
23.Bb2 Rxd1+ 24.Rxd1 Rd8 25.Rxd8 Bxd8 26.c4 Qc5 27.Be4 Bb6 28.Bc3 a4 29.Be1 Qa3+
30.Kb1 Bd4 31.Bc3 axb3 32.Bxd4 Qxa2+ 33.Kc1 exd4 34.Qd3 f5  0-1

[Event "TCh-SCG Women"]
[Site "Budva SCG"]
[Date "2004.09.13"]
[Round "6"]
[White "Peptan,C"]
[Black "Vranesevic,D"]
[Result "1-0"]
[WhiteElo "2429"]
[BlackElo "2038"]

1.e4 c5 2.Nf3 Nc6 3.d4 cxd4 4.Nxd4 Nf6 5.Nc3 d6 6.Bg5 Qb6 7.Nb3 e6 8.Qd2 a6
9.O-O-O Be7 10.f3 Qc7 11.Bxf6 gxf6 12.Qh6 Ne5 13.f4 Ng6 14.g3 Bd7 15.Qh5 O-O-O
16.Qe2 Kb8 17.h4 h5 18.Bg2 Rh7 19.Kb1 Rg8 20.Bf3 Rgh8 21.Rd2 Be8 22.Rhd1 Nf8
23.Qf2 Nd7 24.Ne2 Nc5 25.f5 Bc6 26.Nxc5 dxc5 27.fxe6 fxe6 28.Nf4 e5 29.Nd5 Bxd5
30.Rxd5 c4 31.c3 Qc6 32.Bg2 Rg7 33.Bh3 Rhg8 34.Bd7 Qc7 35.Be6 Rd8 36.Rd7 Rxd7
37.Rxd7 Qc6 38.Bf5 Bc5 39.Rd8+ Ka7 40.Qf3 Bb6 41.Rd5 Qe8 42.a3 Qg8 43.Qxh5 Rxg3
44.Qe2 Re3 45.Qxc4 Qg1+ 46.Ka2 Re1 47.Rd7 Ra1+ 48.Kb3 Qb1 49.Qc8 Qa2+ 50.Ka4  1-0

[Event "TCh-SCG Men"]
[Site "Budva SCG"]
[Date "2004.09.13"]
[Round "6"]
[White "Misailovic,N"]
[Black "Nevednichy,V"]
[Result "1/2-1/2"]
[WhiteElo "2349"]
[BlackElo "2538"]

1.e4 c5 2.Nf3 d6 3.d4 cxd4 4.Nxd4 Nf6 5.Nc3 Nc6 6.Bg5 e6 7.Qd2 a6 8.O-O-O Bd7
9.f3 Be7 10.g4 h5 11.gxh5 Rxh5 12.Be3 b5 13.Qg2 Nxd4 14.Bxd4 b4 15.Ne2 e5
16.Be3 Be6 17.Kb1 Kf8 18.Ng3 Rh7 19.Nf5 Qa5 20.b3 Bxf5 21.exf5 d5 22.Bg5 Qc5
23.Qe2 d4 24.Bxf6 Bxf6 25.Qe4 Ra7 26.h4 a5 27.Bc4 Rc7 28.h5 Rh6 29.Rde1 Qc6
30.Bd5 Qd7 31.Bc4 Qc6 32.Bd5 Qd7 33.Bc4 Qc6 34.Bd5  1/2-1/2

[Event "TCh-CRO"]
[Site "Rabac CRO"]
[Date "2004.09.13"]
[Round "9"]
[White "Kutuzovic,B"]
[Black "Njirjak,J"]
[Result "1-0"]
[WhiteElo "2378"]
[BlackElo "2303"]

1.e4 c5 2.Nf3 Nc6 3.d4 cxd4 4.Nxd4 Nf6 5.Nc3 d6 6.Bg5 e6 7.Qd2 a6 8.O-O-O Bd7
9.f3 Qa5 10.h4 b5 11.Nxc6 Bxc6 12.Kb1 Be7 13.Qe1 b4 14.Ne2 O-O 15.Nd4 Rfc8
16.Nxc6 Rxc6 17.Bd3 Rb8 18.g4 Qc7 19.Qe2 a5 20.Bb5 Rc5 21.Ba4 Rc8 22.Rd2 Qb7
23.Rhd1 Bf8 24.Bf4 d5 25.g5 Nd7 26.exd5 Rxd5 27.Rxd5 exd5 28.Qb5 Qxb5 29.Bxb5 Nb6
30.b3 Bc5 31.h5 Rd8 32.Be5 Be3 33.f4 Kf8 34.Rd3 Bf2 35.f5 h6 36.Rf3 Bh4 37.Bd4 Rb8
38.g6 Nc8 39.Bd7 Bf6 40.Bc5+ Ne7 41.Rd3 Rd8 42.gxf7 Kxf7 43.Be6+ Ke8 44.Bb6 Ra8
45.Bxd5 Ra6 46.Bc5 Nxf5 47.Bb7 Re6 48.Rd1 Ne3 49.Rh1 Bg5 50.Bc8 Re5 51.Bd4 Re7
52.Bc5 Re5 53.Bd4 Re7 54.Bc5 Re5 55.Bb6 Kf8 56.a3 Re8 57.Bd7 Re5 58.Re1 Rd5
59.Bxe3 Rxd7 60.Ka2 Bxe3 61.Rxe3 Rf7 62.Re5 Rf2 63.Kb1 bxa3 64.Rxa5 a2+ 65.Kb2 Rh2
66.Rc5 g5 67.hxg6 h5 68.Kxa2 Kg7 69.b4 Kxg6 70.b5 Re2 71.Kb3 h4 72.Rc8 h3
73.Rh8 h2 74.c4 Kg7 75.Rh4 Kf6 76.b6 Kg5 77.Rh8 Re6 78.Rxh2 Rxb6+ 79.Ka4 Kf5
80.Re2 Rb1 81.c5 Rc1 82.Kb5 Rb1+ 83.Kc6 Kf6 84.Kd7 Rd1+ 85.Kc7 Rc1 86.c6 Rc3
87.Kd7 Rd3+ 88.Kc8 Rb3 89.c7 Rb1 90.Rd2 Ke7 91.Rd4 Rb2 92.Re4+ Kf7 93.Re5 Kf6
94.Re4 Kf7 95.Kd7 Rd2+ 96.Kc6 Rc2+ 97.Kd6 Rc1 98.Re5  1-0

[Event "ch-Euro Seniors"]
[Site "Arvier ITA"]
[Date "2004.09.18"]
[Round "9"]
[White "Gruzmann,B"]
[Black "Tseitlin,Ma"]
[Result "0-1"]
[WhiteElo "2314"]
[BlackElo "2484"]

1.e4 c5 2.Nf3 Nc6 3.d4 cxd4 4.Nxd4 Nf6 5.Nc3 d6 6.Bg5 e6 7.Qd2 a6 8.O-O-O Be7
9.Nb3 b5 10.Bxf6 gxf6 11.f4 Bd7 12.Kb1 Na5 13.Nxa5 Qxa5 14.e5 d5 15.exf6 Bb4
16.a3 Bxc3 17.Qxc3 Qxc3 18.bxc3 Rc8 19.Kb2 h5 20.Be2 Rh6 21.Rhf1 Rxf6 22.Bxh5 Rh6
23.Bg4 Rxh2 24.Bh3 Ke7 25.Rfe1 Kd6 26.Re5 Rc4 27.Rd4 f6 28.Re1 Rc7 29.Red1 Bc6
30.R4d3 e5 31.fxe5+ fxe5 32.Rg3 Kc5 33.Re1 e4 34.Rg5 Re7 35.Rg6 a5 36.Rg5 b4
37.axb4+ axb4 38.Kb3 bxc3 39.Kxc3 e3 40.Kd3 Bb5+ 41.Kc3 Re4 42.Kb2 Bc4 43.Kc3 e2
44.Rf5 Rd4 45.Rf2 Rd1 46.Rexe2 d4+ 47.Kb2 Bxe2 48.Rxe2 Rhh1 49.Be6 Rb1+ 50.Ka3 Ra1+
51.Ba2 Rhe1 52.Rf2 Rf1 53.Re2 Rae1 54.Rd2 Rg1 55.Kb2 Re3 56.Rf2 Rge1 57.Rf5+ Re5
58.g4 Re2 59.Be6 d3 60.Kc1 Rxc2+ 61.Kd1 Rxf5 62.Bxf5 Kd4  0-1

[Event "TCh-SCG Men"]
[Site "Budva SCG"]
[Date "2004.09.18"]
[Round "10"]
[White "Perunovic,Mio"]
[Black "Djukic,Ni"]
[Result "0-1"]
[WhiteElo "2366"]
[BlackElo "2450"]

1.e4 c5 2.Nf3 Nc6 3.d4 cxd4 4.Nxd4 Nf6 5.Nc3 d6 6.Bg5 e6 7.Qd2 a6 8.O-O-O h6
9.Be3 Bd7 10.f3 b5 11.Nxc6 Bxc6 12.Ne2 Qc7 13.Nd4 Bb7 14.h4 e5 15.Nb3 d5
16.exd5 Nxd5 17.Bd3 Rd8 18.Kb1 Be7 19.Qf2 O-O 20.Ba7 Ra8 21.Bc5 Rac8 22.Bxe7 Qxe7
23.Rhe1 Nf4 24.Bf5 Rcd8 25.g3 Qf6 26.Rxd8 Rxd8 27.gxf4 Qxf5 28.Nc5 Bc8 29.fxe5 Qxe5
30.a4 Qd5 31.a5 Qc6 32.Ne4 Bf5 33.Qe3 Qc7 34.Rg1 Qxa5 35.Nf6+ Kh8 36.Qe5 Qb6  0-1

[Event "Tch-FIN 2004-5"]
[Site "Finland FIN"]
[Date "2004.09.18"]
[Round "1"]
[White "Sorri,K"]
[Black "Sorsa,N"]
[Result "1/2-1/2"]
[WhiteElo "2272"]
[BlackElo "2231"]

1.e4 c5 2.Nf3 d6 3.d4 cxd4 4.Nxd4 Nf6 5.Nc3 Nc6 6.Bg5 e6 7.Qd2 a6 8.O-O-O h6
9.Bxf6 Qxf6 10.Nxc6 bxc6 11.f4 Qd8 12.Be2 Rb8 13.Qe3 Qb6 14.Qxb6 Rxb6 15.Bf3 Be7
16.b3 O-O 17.Na4 Rb4 18.c3 Rb8 19.c4 f5 20.exf5 Rxf5 21.Bxc6 Rxf4 22.Rhf1 Bg5
23.Kc2 Bb7 24.Bxb7 Rxb7 25.Rxf4 Bxf4 26.h3 Be5 27.Rf1 Bf6 28.Kd3 Kf7 29.Nc3 Ke7
30.Ne4 Be5 31.Rf2 Rc7 32.Rc2 Rc8 33.Nd2 Kd7 34.Nf3 Bf6 35.Rf2 Ra8 36.Nd2 Ke7
37.Ne4 Be5 38.Rf1 Rg8 39.Rf2 g5 40.g4 Rc8 41.Rc2 Bf4 42.Rf2 d5 43.cxd5 exd5
44.Nc3 Kd6 45.Ne2 Be5 46.Rf7 h5 47.Ra7 hxg4 48.Rxa6+ Kc5 49.hxg4 Rh8 50.Ra5+ Kd6
51.Ra6+ Kc5 52.Ra5+ Kd6 53.Ng1 Bf4 54.Kd4 Rh1 55.Ra6+ Kd7 56.Nf3 Rd1+ 57.Kc3 Rf1
58.Nd4 Be5 59.Ra4 Rf4 60.Kd3 Rxg4 61.Ra7+ Kd6 62.Ra6+ Kd7 63.Ra7+ Kd6  1/2-1/2

[Event "TCh-BEL 2004-5"]
[Site "Belgium BEL"]
[Date "2004.09.19"]
[Round "1"]
[White "Gulbas,C"]
[Black "Philipowski,R"]
[Result "1-0"]
[WhiteElo "2417"]
[BlackElo "2329"]

1.e4 c5 2.Nf3 Nc6 3.d4 cxd4 4.Nxd4 Nf6 5.Nc3 d6 6.Bg5 e6 7.f3 Be7 8.h4 h6
9.Be3 d5 10.exd5 Nxd5 11.Nxd5 exd5 12.g3 Qb6 13.c3 Bc5 14.b4 Bd6 15.Kf2 Qc7
16.f4 a6 17.Bd3 O-O 18.Rc1 Nxd4 19.Bxd4 Bd7 20.Bc2 Rae8 21.Qd3 f5 22.Qf3 Bc6
23.Rhe1 Qf7 24.Rxe8 Rxe8 25.Re1 Rxe1 26.Kxe1 Bb5 27.a4 Bc4 28.Kd2 h5 29.Bf2 g6
30.Qe3 Be7 31.Qb6 Bf6 32.Bd4 Bxd4 33.Qxd4 b5 34.Qb6 Qe8 35.Qe3 Qd7 36.Qb6 Qe8
37.Qxa6 bxa4 38.Qxa4 Qe2+ 39.Kc1 Kf7 40.Qa7+ Kf6 41.Qd4+ Ke6 42.Qd2 Qf3 43.Qe1+ Kf6
44.Kb2 Be2 45.Qg1 Bc4 46.b5 Qe2 47.b6 Qe8 48.Qd4+ Kf7 49.Qc5  1-0

[Event "TCh-SCG Men"]
[Site "Budva SCG"]
[Date "2004.09.19"]
[Round "11"]
[White "Vujacic,B"]
[Black "Draganic,V"]
[Result "0-1"]
[WhiteElo "2400"]
[BlackElo "2279"]

1.e4 c5 2.Nf3 Nc6 3.d4 cxd4 4.Nxd4 Nf6 5.Nc3 d6 6.Bg5 e6 7.Qd2 a6 8.O-O-O h6
9.Be3 Bd7 10.f3 Rc8 11.Kb1 Ne5 12.g4 b5 13.Bd3 b4 14.Nce2 a5 15.h4 g6 16.Ng3 d5
17.g5 dxe4 18.Ba6 Nd5 19.Bxc8 Qxc8 20.Qe1 Nc4 21.Bc1 e3 22.Ne4 a4 23.b3 Nd6
24.Bb2 hxg5 25.Nxd6+ Bxd6 26.Nb5 Bxb5 27.Rxd5 exd5 28.Qxe3+ Kd7 29.Bxh8 Qxh8
30.Qa7+ Bc7 31.Qc5 Bc6 32.Qxb4 Bd6 33.Qg4+ f5 34.Qg1 Ba3 35.Qa7+ Kc8 36.Qa6+ Kb8
37.Qb6+ Bb7 38.bxa4 Be7 39.Re1 Qd8 40.Qxg6 gxh4 41.c3 Ka7 42.a5 Bc5 43.a6 Bxa6
44.Qxf5 Qb6+ 45.Ka1 Qa5 46.Qf6 d4 47.Re7+ Bxe7 48.Qxe7+ Bb7 49.cxd4 h3 50.Qe3 h2
51.d5+ Qb6 52.Qa3+ Qa6 53.Qc5+ Ka8 54.Qf8+ Bc8 55.Qh8 Qf1+ 56.Kb2 Qg2+ 57.Kc3 Qxf3+
58.Kc4 Qg4+ 59.Kb3 Qh3+  0-1

[Event "GM Classic"]
[Site "Gausdal NOR"]
[Date "2004.09.25"]
[Round "3"]
[White "Bromberger,S"]
[Black "Groenn,A"]
[Result "1/2-1/2"]
[WhiteElo "2440"]
[BlackElo "2409"]

1.e4 c5 2.Nf3 Nc6 3.d4 cxd4 4.Nxd4 Nf6 5.Nc3 d6 6.Bg5 Bd7 7.Qd2 Rc8 8.O-O-O Nxd4
9.Qxd4 Qa5 10.Bxf6 gxf6 11.Kb1 Qc5 12.Qd2 f5 13.exf5 Bxf5 14.Bb5+ Kd8 15.Qf4 Be6
16.Ba4 Bg7 17.Ne4 Qe5 18.Qxe5 Bxe5 19.Rhe1 Rg8 20.g3 Bg4 21.Rd2 Bf3 22.Bb3 Rg7
23.Bd5 Bxe4 24.Rxe4 Kc7 25.f4 Bf6 26.Rb4 b6 27.Bf3 Kb8 28.Rd5 Rc5 29.Rb5 Rxb5
30.Rxb5 e5 31.fxe5 Rg5 32.a4 Rxe5 33.Bh5 Re1+ 34.Ka2 Be5 35.a5 Kc7 36.axb6+ axb6
37.Rd5 f5 38.Rd1  1/2-1/2

[Event "TCh-Vojvodina"]
[Site "Sombor SCG"]
[Date "2004.09.25"]
[Round "1"]
[White "Miranovic,R"]
[Black "Micic,C"]
[Result "1-0"]
[WhiteElo "2375"]
[BlackElo "2404"]

1.e4 c5 2.Nf3 d6 3.d4 cxd4 4.Nxd4 Nf6 5.Nc3 Nc6 6.Bg5 e6 7.Qd2 a6 8.O-O-O Bd7
9.f3 h6 10.Be3 h5 11.Kb1 Be7 12.g3 b5 13.Nxc6 Bxc6 14.Ne2 O-O 15.Nd4 Bd7
16.h3 e5 17.Nf5 Bxf5 18.exf5 d5 19.Bd3 d4 20.Bf2 Rc8 21.Qe2 Qc7 22.f4 Bd6
23.fxe5 Bxe5 24.Qf3 Qc6 25.Qxc6 Rxc6 26.Rhe1 Re8 27.Re2 Rcc8 28.Rde1 Bd6
29.Rxe8+ Rxe8 30.Rxe8+ Nxe8 31.a4 Nc7 32.axb5 axb5 33.Ka2 Kh7 34.Kb3 Kh6
35.Bxd4 Bxg3 36.Be3+ Kh7 37.c4 bxc4+ 38.Kxc4 g6 39.fxg6+ fxg6 40.Kc5 Ne6+
41.Kc6 Nf4 42.Bf1 g5 43.b4 g4 44.hxg4 h4 45.Bxf4 Bxf4 46.b5 Kg6 47.b6 Kg5
48.Bh3 Be5 49.b7 Kf4 50.Kd5 Bb8 51.Ke6 Kg5 52.Kd7 Kf4 53.Kc8 Ba7 54.b8=Q+ Bxb8
55.Kxb8 Kg3 56.g5 Kxh3 57.g6 Kh2 58.g7 h3 59.g8=Q Kh1 60.Qd5+ Kg1  1-0

[Event "1st Central League"]
[Site "Vrnjacka Banja SCG"]
[Date "2004.09.26"]
[Round "2"]
[White "Djokic,Neb"]
[Black "Simonovic,A"]
[Result "1/2-1/2"]
[WhiteElo "2245"]
[BlackElo "2418"]

1.e4 c5 2.Nf3 d6 3.d4 cxd4 4.Nxd4 Nf6 5.Nc3 Nc6 6.Bg5 Bd7 7.Qd2 Rc8 8.O-O-O Nxd4
9.Qxd4 Qa5 10.Bd2 a6 11.f3 g6 12.Kb1 Qc5 13.Qxc5 Rxc5 14.Be3 Rc8 15.Bd4 e5
16.Be3 h6 17.Nd5 Nxd5 18.Rxd5 f5 19.Rd2 fxe4 20.fxe4 Bc6 21.Bd3 Rh7 22.Rf1 Rf7
23.Rdf2 Rxf2 24.Rxf2 Bg7 25.Bb6 Ke7 26.Kc1 Bf6 27.Kd1 Bd7 28.c4 Bg5 29.b3 Rc6
30.Ba5 Be3 31.Rc2 Rc8 32.Be2 g5 33.Be1 Rf8 34.Rc3 Bd4 35.Rf3 Rf4 36.Rxf4 exf4
37.h3 Bc6 38.Bf3 Ke6 39.Ke2 Ke5 40.Kd3 h5 41.g4 hxg4 42.hxg4 Ba1 43.Ba5 Ke6
44.Bd8 Bf6 45.Bb6 Be5 46.Bd1 Ke7 47.a4 Bb2  1/2-1/2

[Event "1st Central League"]
[Site "Vrnjacka Banja SCG"]
[Date "2004.09.26"]
[Round "2"]
[White "Radovanovic,D"]
[Black "Damljanovic,B"]
[Result "0-1"]
[WhiteElo "2370"]
[BlackElo "2579"]

1.e4 c5 2.Nf3 d6 3.d4 cxd4 4.Nxd4 Nf6 5.Nc3 Nc6 6.Bg5 e6 7.Qd2 Qb6 8.Nb3 Be7
9.O-O-O O-O 10.f3 Rd8 11.Qe1 a6 12.h4 Qc7 13.h5 b5 14.h6 g6 15.Qh4 Ne8 16.Bxe7 Qxe7
17.Qxe7 Nxe7 18.Na5 Rb8 19.a3 Bd7 20.Ne2 Nc6 21.Nxc6 Bxc6 22.Nd4 Ba8 23.b4 Kf8
24.Bd3 Nf6 25.g4 Ke7 26.Rhe1 Nd7 27.g5 e5 28.Nb3 Nf8 29.Kb2 Ne6 30.Rg1 Rf8
31.c4 f6 32.cxb5 axb5 33.gxf6+ Rxf6 34.Be2 g5 35.Rh1 g4 36.fxg4 Bxe4 37.Rh2 d5
38.Rc1 d4 39.Nc5 Bg6 40.g5 Nxg5 41.Bg4 Rbf8 42.Bd7 Rf2+ 43.Rxf2 Rxf2+ 44.Ka1 d3  0-1

[Event "TCh-Vojvodina"]
[Site "Sombor SCG"]
[Date "2004.09.28"]
[Round "5"]
[White "Vrbljanac,A"]
[Black "Munizaba,S"]
[Result "0-1"]
[WhiteElo "2180"]
[BlackElo "2314"]

1.e4 c5 2.Nf3 Nc6 3.d4 cxd4 4.Nxd4 Nf6 5.Nc3 d6 6.Bg5 e6 7.Qd2 a6 8.O-O-O Be7
9.f4 Nxd4 10.Qxd4 b5 11.Bxf6 gxf6 12.f5 Qa5 13.fxe6 fxe6 14.e5 dxe5 15.Qe4 Ra7
16.Be2 O-O 17.Rd3 Qb4 18.Qc6 f5 19.Rhd1 e4 20.Rg3+ Kh8 21.Qb6 Qc5 22.Qb8 Qc7
23.Qxc7 Rxc7 24.Rh3 Bb7 25.Rh6 Bg5+  0-1

[Event "Monarch Assurance"]
[Site "Port Erin IOM"]
[Date "2004.09.29"]
[Round "5"]
[White "Sprenger,J"]
[Black "Kotronias,V"]
[Result "1/2-1/2"]
[WhiteElo "2477"]
[BlackElo "2608"]

1.e4 c5 2.Nf3 Nc6 3.d4 cxd4 4.Nxd4 Nf6 5.Nc3 d6 6.Bg5 e6 7.Qd2 a6 8.O-O-O Bd7
9.f4 b5 10.Nxc6 Bxc6 11.Qe3 Be7 12.e5 Nd5 13.Nxd5 Bxd5 14.Bxe7 Qxe7 15.exd6 Qxd6
16.Bd3 Qc6 17.f5 O-O-O 18.fxe6 fxe6 19.Rhe1 Bxa2 20.Be4 Bd5 21.Bxd5 exd5
22.Qe6+ Qxe6 23.Rxe6 Kb7 24.Re7+ Kc6 25.Rxg7 Rdg8 26.Ra7 Rxg2 27.Rxa6+ Kc5
28.Rh6 Ra8 29.Kb1 Ra7 30.Rh5 Rd7 31.c3 b4 32.cxb4+ Kxb4  1/2-1/2

[Event "79th ch-ARG"]
[Site "Buenos Aires ARG"]
[Date "2004.10.01"]
[Round "9"]
[White "Tristan,L"]
[Black "Demaria,J"]
[Result "0-1"]
[WhiteElo "2185"]
[BlackElo "2275"]

1.e4 c5 2.Nf3 d6 3.d4 cxd4 4.Nxd4 Nf6 5.Nc3 Nc6 6.Bg5 e6 7.Qd2 a6 8.O-O-O h6
9.Be3 Bd7 10.f3 Qc7 11.Be2 b5 12.Nb3 Ne5 13.Qd4 Be7 14.g4 Rb8 15.f4 Nc6 16.Qd3 b4
17.Nb1 Na5 18.Nxa5 Qxa5 19.Qxa6 Qxa6 20.Bxa6 Nxe4 21.Bd3 Nf6 22.Rhg1 Bc6
23.Bd4 g5 24.h4 Rg8 25.fxg5 hxg5 26.Bxf6 Bxf6 27.Bh7 Rg7 28.Rxd6 Bd5 29.Bd3 gxh4
30.Nd2 Bg5 31.Re1 Be7 32.Ra6 Rxg4 33.Ne4 Rd8 34.Nf2 Rf4 35.Nh3 Rf3 36.Ng1 Rg3
37.Ne2 Rg2 38.Ng1 Bg5+ 39.Kb1 Bd2 40.Rf1 Be3 41.Nh3 Rg3 42.Nf4 Bxf4  0-1

[Event "Tatry Open"]
[Site "Tatranske Zruby SVK"]
[Date "2004.10.01"]
[Round "8"]
[White "Strasil,P"]
[Black "Demeter,P"]
[Result "1-0"]
[WhiteElo "2194"]
[BlackElo "2293"]

1.e4 c5 2.Nc3 d6 3.Nge2 Nc6 4.d4 cxd4 5.Nxd4 Nf6 6.Bg5 e6 7.Be2 Be7 8.Qd2 h6
9.Be3 Bd7 10.Ndb5 Qb8 11.O-O-O O-O 12.Nxd6 Rd8 13.Bf4 e5 14.Bxh6 Qxd6 15.Qxd6 Bxd6
16.Rxd6 Ne8 17.Rxc6 bxc6 18.Be3 Be6 19.b3 f5 20.exf5 Bxf5 21.Bc4+ Kh7 22.Bg5 Nf6
23.Re1 Re8 24.f3 Bg6 25.h4 Rac8 26.g4 Kh8 27.h5 Bh7 28.h6 Nd5 29.Ne4 Bxe4
30.Rxe4 Nf6 31.Re2 Nh7 32.Bd2 gxh6 33.Bxh6 Nf6 34.Bd2 Nd5 35.Bd3 Kg7 36.Bf5 Rcd8
37.Re4 c5 38.Ra4 Re7 39.Bg5 Nf6 40.Ra6 Rf7 41.Rc6 Rh8 42.Rxc5 Rh3 43.Rxe5 Rxf3
44.Bxf6+ Kxf6 45.Re6+ Kg5 46.a4 Rc7 47.Kb2 Rfc3 48.Re8 Kf6 49.Re6+ Kg5 50.a5 R3c5
51.a6 R5c6 52.Rxc6 Rxc6 53.Bd3 Kxg4 54.b4 Kf4 55.b5 Rh6 56.Kb3 Ke5 57.Kb4 Kd6
58.b6 Rh8 59.bxa7 Ra8 60.Be4 Rxa7 61.Bb7 Kd7 62.Kb5 Kc7 63.Kc5 Kb8  1-0

[Event "FSGM October"]
[Site "Budapest HUN"]
[Date "2004.10.05"]
[Round "4"]
[White "Fogarasi,T"]
[Black "Wittmann,W"]
[Result "1-0"]
[WhiteElo "2436"]
[BlackElo "2337"]

1.e4 c5 2.Nf3 Nc6 3.d4 cxd4 4.Nxd4 Nf6 5.Nc3 d6 6.Bg5 e6 7.Qd2 Be7 8.O-O-O Nxd4
9.Qxd4 O-O 10.h4 Bd7 11.Be2 Bc6 12.Kb1 Qc7 13.f3 Rfd8 14.g4 a6 15.Qd2 b5
16.Bxf6 Bxf6 17.g5 Be5 18.Bd3 b4 19.Ne2 d5 20.Qe3 g6 21.f4 Bg7 22.h5 Rac8
23.e5 Bb5 24.Nd4 Bxd3 25.Rxd3 a5 26.Qd2 Qb6 27.b3 a4 28.hxg6 hxg6 29.Rdh3 Kf8
30.Rh7 a3 31.R1h3 Rc7 32.Qf2 Rdc8 33.Nf5 gxf5 34.Qxb6 Rxc2 35.Rh8+  1-0

[Event "YM"]
[Site "Winterthur SUI"]
[Date "2004.10.05"]
[Round "5"]
[White "Gattenloehner,S"]
[Black "Papa,S"]
[Result "0-1"]
[WhiteElo "2235"]
[BlackElo "2411"]

1.e4 c5 2.Nf3 Nc6 3.d4 cxd4 4.Nxd4 Nf6 5.Nc3 d6 6.Bg5 e6 7.Qd2 a6 8.O-O-O Bd7
9.f3 Be7 10.h4 h6 11.Be3 h5 12.Be2 Ne5 13.Nb3 b5 14.Qd4 Rc8 15.Qb6 Qxb6 16.Bxb6 b4
17.Nb1 Nc4 18.Bxc4 Rxc4 19.Rd4 Rxd4 20.Nxd4 e5 21.Nf5 Bxf5 22.exf5 Kd7 23.Re1 Nd5
24.Bf2 Bf6 25.Nd2 Ne7 26.g4 hxg4 27.fxg4 Bxh4 28.Rh1 g5 29.Nf3 Rc8 30.Bxh4 gxh4
31.Rxh4 Rg8 32.g5 a5 33.Rh7 Nxf5 34.Rxf7+ Ne7 35.Rh7 Ke6 36.Kd2 Nf5 37.Ra7 d5
38.Ne1 Rxg5 39.Rxa5 Rh5 40.a3 Rh2+ 41.Kc1 b3 42.cxb3 e4 43.Ra6+ Ke5 44.Rg6 Ne3
45.a4 d4 46.Rg8 Re2 47.Re8+ Kf4 48.Rf8+ Kg3 49.Rd8 Kf2 50.Nd3+ exd3 51.Rxd4 Re1+
52.Kd2 Rd1+ 53.Kc3 Rc1+ 54.Kd2 Rd1+ 55.Kc3 Ke2 56.b4 Rc1+ 57.Kb3 d2 58.b5 Nc4
59.Kb4 Nxb2 60.Rxd2+ Kxd2 61.b6 Rb1 62.a5 Kd3 63.Kb5 Nc4+ 64.Ka6 Kd4  0-1

[Event "Piloo Mody Open"]
[Site "Lucknow IND"]
[Date "2004.10.07"]
[Round "7"]
[White "Bakre,T"]
[Black "Das,A"]
[Result "1/2-1/2"]
[WhiteElo "2492"]
[BlackElo "2352"]

1.e4 c5 2.Nf3 d6 3.d4 cxd4 4.Nxd4 Nf6 5.Nc3 Nc6 6.Bg5 e6 7.Qd2 Be7 8.O-O-O O-O
9.f4 Nxd4 10.Qxd4 Qa5 11.Bc4 Bd7 12.e5 Bc6 13.Nd5 Nd7 14.Nxe7+  1/2-1/2

[Event "Goodbye Summer Open"]
[Site "Omis CRO"]
[Date "2004.10.07"]
[Round "2"]
[White "Fercec,N"]
[Black "Susak,Z"]
[Result "1-0"]
[WhiteElo "2477"]
[BlackElo "2251"]

1.e4 c5 2.Nf3 Nc6 3.d4 cxd4 4.Nxd4 Nf6 5.Nc3 d6 6.Bg5 e6 7.Qd2 a6 8.O-O-O Qb6
9.Nb3 Bd7 10.f3 Qc7 11.Kb1 Be7 12.Be3 O-O 13.g4 b5 14.g5 Ne8 15.f4 Rb8 16.h4 b4
17.Ne2 a5 18.Bh3 Bc8 19.h5 a4 20.Nbd4 Nxd4 21.Nxd4 e5 22.Nf5 b3 23.cxb3 axb3
24.Rc1 Bxf5 25.Bxf5 bxa2+ 26.Ka1 Qb7 27.Rc2 Nc7 28.Rhc1 Nb5 29.Qd3 Rfd8 30.Rd2 g6
31.hxg6 hxg6 32.Bg4 exf4 33.Bxf4 Bf8 34.Bf3 Qe7 35.Rh1 Bg7 36.Rdh2 Nd4 37.Bd1 Ne6
38.Be3 Nc5 39.Bd4 f5 40.Bxc5 dxc5 41.Bb3+ Rxb3 42.Qxb3+ Kf8 43.exf5 gxf5
44.Rf1 Qxg5  1-0

[Event "Piloo Mody Open"]
[Site "Lucknow IND"]
[Date "2004.10.08"]
[Round "8"]
[White "Himanshu,Sh"]
[Black "Bakre,T"]
[Result "1/2-1/2"]
[WhiteElo "2376"]
[BlackElo "2492"]

1.e4 c5 2.Nf3 d6 3.d4 cxd4 4.Nxd4 Nf6 5.Nc3 Nc6 6.Bg5 e6 7.Qd2 Be7 8.O-O-O O-O
9.f4 Nxd4 10.Qxd4 Qa5 11.Bc4 Bd7 12.e5 dxe5 13.fxe5 Bc6 14.Bd2 Nd7 15.Nd5 Qd8
16.Nxe7+ Qxe7 17.Rhe1 Rfd8 18.Qg4 Nf8 19.Bd3 Rd5 20.h4 Ng6 21.Bxg6 fxg6 22.Bb4 Rxd1+
23.Rxd1 Qf7 24.Kb1 Qf5 25.Qe2 Qf4 26.Qd2 g5 27.hxg5 Qxd2 28.Rxd2 Kf7 29.Rf2+ Kg6
30.Bd2 Rd8 31.Kc1 Rd5 32.Bf4 a6 33.g3 Rd7 34.Rh2 Bf3 35.b3 Rd1+ 36.Kb2 Rg1
37.Kc3 Rg2 38.Rxg2 Bxg2 39.Kd4 Kf7 40.Kc5 Ke7 41.Kb6 Kd7 42.a4 Kc8 43.a5 Bf1
44.Be3 g6 45.Bc5 Be2 46.c3 Bd1 47.b4 Be2 48.Bd6 Bf1 49.Kc5 Kd7 50.c4 Be2
51.b5 Bf1  1/2-1/2